[Event "18. Ciudad de Pamplona - Abierto"]
[Site "Pamplona ESP"]
[Date "2008.12.23"]
[Round "3.9"]
[White "Rudolf, Anna"]
[Black "Ignacz, Rozsa"]
[Result "1-0"]
[WhiteElo "2318"]
[BlackElo "2061"]
[PlyCount "49"]
[EventDate "2008.12.22"]
[EventType "swiss"]
[EventRounds "9"]
[EventCountry "ESP"]
[Source "lmi"]
[SourceDate "2008.12.22"]

1. e4 c6 2. d4 d5 3. e5 Bf5 4. Nf3 e6 5. Be2 h6 6. O-O c5 7. c4 Nc6 8. cxd5
exd5 9. Nc3 c4 10. b3 Bb4 11. Bb2 cxb3 12. Qxb3 Nge7 13. Nb5 Ng6 14. Ba3 Bxa3
15. Qxa3 Qe7 16. Nd6+ Kf8 17. Qe3 Be6 18. Rab1 b6 19. Bd3 Nh4 20. Nxh4 Qxh4 21.
f4 g6 22. g3 Qe7 23. f5 gxf5 24. Bxf5 Bxf5 25. Rxf5 1-0

[Event "18. Ciudad de Pamplona - Abierto"]
[Site "Pamplona ESP"]
[Date "2008.12.23"]
[Round "3.12"]
[White "Anguas Fanlo, Sergio"]
[Black "Moral Barragan, Diego"]
[Result "1-0"]
[WhiteElo "2045"]
[BlackElo "1863"]
[PlyCount "93"]
[EventDate "2008.12.22"]
[EventType "swiss"]
[EventRounds "9"]
[EventCountry "ESP"]
[Source "lmi"]
[SourceDate "2008.12.22"]

1. d4 d5 2. c3 c6 3. Bf4 Nf6 4. e3 Bf5 5. Bd3 Bxd3 6. Qxd3 Nh5 7. Nf3 Nxf4 8.
exf4 Qd6 9. Qe3 g6 10. Nbd2 Nd7 11. O-O Bh6 12. g3 O-O 13. Rfe1 Rfe8 14. Ne5
Bg7 15. h4 f6 16. Nxd7 Qxd7 17. Qe6+ Qxe6 18. Rxe6 Kf7 19. Rae1 Rad8 20. Nf3
Rd6 21. R6e2 h6 22. Kg2 b6 23. g4 h5 24. g5 f5 25. Re3 Bh8 26. R1e2 c5 27. Ne5+
Bxe5 28. fxe5 Rc6 29. dxc5 Rxc5 30. e6+ Kg7 31. Rd2 Rd8 32. Red3 a5 33. Rd4 Rc6
34. Rxd5 Rxd5 35. Rxd5 Rxe6 36. Kg3 Rd6 37. Rxd6 exd6 38. Kf3 Kf7 39. Ke3 Ke6
40. Kd4 d5 41. f4 Kd6 42. c4 dxc4 43. Kxc4 Kc6 44. a4 Kc7 45. Kd5 Kd7 46. Ke5
Ke7 47. b3 1-0

[Event "18. Ciudad de Pamplona - Abierto"]
[Site "Pamplona ESP"]
[Date "2008.12.24"]
[Round "4.1"]
[White "Arribas Lopez, Angel"]
[Black "Reinaldo Castineira, Roi"]
[Result "1-0"]
[WhiteElo "2334"]
[BlackElo "2516"]
[PlyCount "113"]
[EventDate "2008.12.22"]
[EventType "swiss"]
[EventRounds "9"]
[EventCountry "ESP"]
[Source "lmi"]
[SourceDate "2008.12.22"]

1. e4 c5 2. Nf3 d6 3. d4 cxd4 4. Nxd4 Nf6 5. Nc3 a6 6. Be2 e6 7. O-O Be7 8. a4
Nc6 9. Nb3 b6 10. f4 Bb7 11. Kh1 O-O 12. Be3 Qc7 13. Qe1 Nb4 14. Bd3 Rac8 15.
Qg3 g6 16. Nd4 Rfe8 17. f5 exf5 18. Nxf5 Bf8 19. Bd4 Nh5 20. Qg5 Qd8 21. Nh6+
Bxh6 22. Qxh6 f5 23. exf5 Qh4 24. fxg6 Ng3+ 25. Kg1 Qxh6 26. gxh7+ Qxh7 27.
Bxh7+ Kxh7 28. Rf7+ Kh6 29. hxg3 Nxc2 30. Rd1 Bc6 31. Rf6+ Kg5 32. Rxd6 b5 33.
Bf6+ Kg6 34. R1d2 Ne3 35. Re2 Nc4 36. Rxc6 Rxc6 37. Rxe8 Kxf6 38. axb5 axb5 39.
Re2 Nd6 40. Kf2 Kf7 41. Kf3 b4 42. Nd5 b3 43. Re7+ Kf8 44. Re6 Kf7 45. Nf4 Rb6
46. g4 Nc4 47. Rxb6 Nxb6 48. Nd3 Na4 49. Ke4 Kg7 50. Kf5 Kf7 51. g5 Kg7 52. g6
Nb6 53. Nc5 Nc4 54. Ne6+ Kg8 55. Nd4 Nxb2 56. Kf6 Nd3 57. Nf5 1-0

[Event "18. Ciudad de Pamplona - Abierto"]
[Site "Pamplona ESP"]
[Date "2008.12.24"]
[Round "4.3"]
[White "Recuero Guerra, David"]
[Black "Rudolf, Anna"]
[Result "1-0"]
[WhiteElo "2425"]
[BlackElo "2318"]
[PlyCount "57"]
[EventDate "2008.12.22"]
[EventType "swiss"]
[EventRounds "9"]
[EventCountry "ESP"]
[Source "lmi"]
[SourceDate "2008.12.22"]

1. e4 e6 2. d4 d5 3. Nc3 Nf6 4. Bg5 dxe4 5. Nxe4 Nbd7 6. Nxf6+ Nxf6 7. Nf3 h6
8. Bxf6 Qxf6 9. Bd3 Bd7 10. Be4 Bd6 11. O-O O-O-O 12. c4 c6 13. Re1 g5 14. c5
Bc7 15. Qa4 g4 16. Ne5 Kb8 17. Bc2 Rhg8 18. Re3 Rg5 19. Rae1 Qe7 20. Ra3 a6 21.
Qb4 Ka7 22. Bd3 a5 23. Rxa5+ Bxa5 24. Qxa5+ Kb8 25. Nxf7 Rgg8 26. Nxd8 Rxd8 27.
Bf1 Bc8 28. Qc3 Qf6 29. Qg3+ 1-0

[Event "18. Ciudad de Pamplona - Abierto"]
[Site "Pamplona ESP"]
[Date "2008.12.24"]
[Round "4.4"]
[White "Vega Gutierrez, Sabrina"]
[Black "Huerga Leache, Mikel"]
[Result "0-1"]
[WhiteElo "2278"]
[BlackElo "2417"]
[PlyCount "112"]
[EventDate "2008.12.22"]
[EventType "swiss"]
[EventRounds "9"]
[EventCountry "ESP"]
[Source "lmi"]
[SourceDate "2008.12.22"]

1. e4 c5 2. Nf3 d6 3. d4 cxd4 4. Nxd4 Nf6 5. Nc3 Nc6 6. Be2 g6 7. O-O Bg7 8.
Nb3 O-O 9. Re1 b6 10. Bg5 h6 11. Bh4 Bb7 12. f4 e5 13. f5 Ne7 14. Bf3 b5 15. a4
b4 16. Nb5 Nc8 17. fxg6 fxg6 18. Bg4 g5 19. Be6+ Kh8 20. Bg3 Nxe4 21. Bd5 Qb6+
22. Kh1 Nxg3+ 23. hxg3 Rf2 24. Qd3 Ne7 25. Bxb7 Qxb7 26. Rg1 Nf5 27. g4 e4 28.
Qh3 Nh4 29. Nxd6 Qc6 30. Rad1 Raf8 31. Qe3 Qxc2 32. Nd4 Qc5 33. Nxe4 Qe5 34.
Nc6 Qe8 35. Rd6 R2f4 36. Re1 Rxe4 37. Qxe4 Rf1+ 38. Kh2 Rxe1 39. Qd5 Qf8 40.
Rd8 Re8 41. Rxe8 Qxe8 42. b3 Qe2 43. Kh3 a5 44. Qd8+ Kh7 45. Qd5 Qf1 46. Qe4+
Ng6 47. Kh2 Qf7 48. g3 Qxb3 49. Nxa5 Qc3 50. Qd5 Qc2+ 51. Kh3 Qxa4 52. Nb3 Qa2
53. Qc4 Qb1 54. Kh2 Qb2+ 55. Kh3 Qc3 56. Qd5 Nf4+ 0-1

[Event "18. Ciudad de Pamplona - Abierto"]
[Site "Pamplona ESP"]
[Date "2008.12.24"]
[Round "4.7"]
[White "Martinez Zazo, Jesus"]
[Black "Anguas Fanlo, Sergio"]
[Result "0-1"]
[WhiteElo "1915"]
[BlackElo "2045"]
[PlyCount "93"]
[EventDate "2008.12.22"]
[EventType "swiss"]
[EventRounds "9"]
[EventCountry "ESP"]
[Source "lmi"]
[SourceDate "2008.12.22"]

1. e4 e6 2. d4 b6 3. Nf3 Bb7 4. Bd3 c5 5. c3 Nf6 6. Bg5 h6 7. Bxf6 Qxf6 8. Nbd2
Nc6 9. e5 Qd8 10. O-O d5 11. exd6 Bxd6 12. Ne4 cxd4 13. Bb5 O-O 14. Bxc6 Bxc6
15. Nxd6 Qxd6 16. Qxd4 Qc7 17. Qe5 Qb7 18. Qe3 Bxf3 19. Qxf3 Qxf3 20. gxf3 Rad8
21. Rfd1 f6 22. c4 Kf7 23. Rac1 Ke7 24. Rxd8 Rxd8 25. c5 Rc8 26. b4 bxc5 27.
bxc5 e5 28. Rc4 Ke6 29. Ra4 Rc7 30. Kg2 Kd5 31. Kg3 Kxc5 32. f4 Kb5 33. Re4 Rc4
34. Kf3 Rxe4 35. Kxe4 Ka4 36. fxe5 fxe5 37. Kxe5 Ka3 38. Kf5 Kxa2 39. Kg6 Kb3
40. Kxg7 a5 41. f4 a4 42. f5 a3 43. f6 a2 44. f7 a1=Q+ 45. Kh7 Qf6 46. Kg8 Qg6+
47. Kf8 0-1

[Event "18. Ciudad de Pamplona - Abierto"]
[Site "Pamplona ESP"]
[Date "2008.12.24"]
[Round "4.8"]
[White "Djingarova, Emilia"]
[Black "Leranoz Zabalza, Adrian"]
[Result "1-0"]
[WhiteElo "2352"]
[BlackElo "2014"]
[PlyCount "29"]
[EventDate "2008.12.22"]
[EventType "swiss"]
[EventRounds "9"]
[EventCountry "ESP"]
[Source "lmi"]
[SourceDate "2008.12.22"]

1. Nf3 Nf6 2. d4 e6 3. g3 c5 4. Bg2 Nc6 5. O-O d5 6. c4 b6 7. cxd5 exd5 8. Nc3
Be6 9. Bg5 Be7 10. Qa4 Qd7 11. Rfd1 Rd8 12. Rac1 h6 13. Bxf6 Bxf6 14. dxc5 bxc5
15. Ne4 1-0

[Event "18. Ciudad de Pamplona - Abierto"]
[Site "Pamplona ESP"]
[Date "2008.12.24"]
[Round "4.9"]
[White "Garcia Paolicchi, Raul"]
[Black "Roviralta Montero, Axel"]
[Result "1-0"]
[WhiteElo "2257"]
[BlackElo "1995"]
[PlyCount "105"]
[EventDate "2008.12.22"]
[EventType "swiss"]
[EventRounds "9"]
[EventCountry "ESP"]
[Source "lmi"]
[SourceDate "2008.12.22"]

1. d4 Nf6 2. Nf3 e6 3. c4 b6 4. e3 Be7 5. Bd3 Bb7 6. O-O O-O 7. b3 d6 8. Nc3
Nbd7 9. Bb2 Rc8 10. Rc1 c5 11. Bb1 Qc7 12. d5 e5 13. Ne1 Rce8 14. Qc2 g6 15.
Nd3 Bc8 16. Rce1 Nh5 17. e4 f5 18. exf5 gxf5 19. Qd1 Ndf6 20. f4 e4 21. Nb5 Qd8
22. Ne5 a6 23. Nc6 Qd7 24. Nc3 Bb7 25. Nxe7+ Rxe7 26. Re3 Rg7 27. Rh3 Qf7 28.
Qe2 Rg4 29. g3 Qg6 30. Qe3 Qf7 31. Nd1 Re8 32. Qc3 Qg7 33. Kh1 Bc8 34. Ne3 Rg6
35. Bc2 Qe7 36. Bd1 Ng7 37. Re1 Bd7 38. Rh4 h5 39. Be2 b5 40. Qd2 b4 41. Kg2 a5
42. Bxf6 Qxf6 43. Bxh5 Nxh5 44. Rxh5 a4 45. h4 axb3 46. axb3 Ra8 47. Rg5 Kf7
48. Qe2 Qc3 49. Nxf5 Bxf5 50. Rxf5+ Kg7 51. Rg5 Rxg5 52. hxg5 Ra3 53. Qxe4 1-0

[Event "18. Ciudad de Pamplona - Abierto"]
[Site "Pamplona ESP"]
[Date "2008.12.24"]
[Round "4.10"]
[White "Ros Octavio De Toledo, Eduardo"]
[Black "Ballina Amandi, Casimiro"]
[Result "1-0"]
[WhiteElo "2198"]
[BlackElo "1925"]
[PlyCount "75"]
[EventDate "2008.12.22"]
[EventType "swiss"]
[EventRounds "9"]
[EventCountry "ESP"]
[Source "lmi"]
[SourceDate "2008.12.22"]

1. Nf3 Nf6 2. c4 c5 3. Nc3 Nc6 4. d4 d6 5. dxc5 Qa5 6. cxd6 Ne4 7. dxe7 Bxe7 8.
Bd2 Nxd2 9. Qxd2 Be6 10. e4 Rd8 11. Qc2 Nb4 12. Qb1 Bf6 13. Be2 Bxc3+ 14. bxc3
Nd3+ 15. Bxd3 Qxc3+ 16. Ke2 Bxc4 17. Ne5 Bxd3+ 18. Nxd3 O-O 19. Rd1 b6 20. Qc1
Qa5 21. Nf4 Rc8 22. Qd2 Qb5+ 23. Kf3 Qe5 24. Rac1 Rce8 25. Qd4 Qg5 26. g3 h5
27. h4 Qa5 28. Qd5 Qa3+ 29. Kg2 Rd8 30. Qb3 Qe7 31. Qf3 Rde8 32. Nxh5 Qb4 33.
Rd5 Qxe4 34. Rg5 Qxf3+ 35. Kxf3 Kh7 36. Nxg7 Rd8 37. Nf5 Rd2 38. Rc6 1-0

[Event "18. Ciudad de Pamplona - Abierto"]
[Site "Pamplona ESP"]
[Date "2008.12.24"]
[Round "4.11"]
[White "Peteiro Osta, Luis Angel"]
[Black "Minaya Molano, Juan"]
[Result "0-1"]
[WhiteElo "1958"]
[BlackElo "2196"]
[PlyCount "44"]
[EventDate "2008.12.22"]
[EventType "swiss"]
[EventRounds "9"]
[EventCountry "ESP"]
[Source "lmi"]
[SourceDate "2008.12.22"]

1. e4 e6 2. d4 c5 3. c3 d5 4. exd5 exd5 5. Nf3 Nc6 6. Bb5 Bd6 7. dxc5 Bxc5 8.
O-O Nge7 9. Nbd2 O-O 10. Nb3 Bb6 11. h3 Qd6 12. Re1 Bxh3 13. gxh3 Qg3+ 14. Kh1
Bxf2 15. Bf1 Bxe1 16. Nxe1 Nf5 17. Bd2 Rfe8 18. Qg4 Qf2 19. Bg2 Ng3+ 20. Kh2
Nf1+ 21. Kh1 Nxd2 22. Nd3 Qe3 0-1

[Event "18. Ciudad de Pamplona - Abierto"]
[Site "Pamplona ESP"]
[Date "2008.12.24"]
[Round "4.12"]
[White "Burguete Archel, Eduardo"]
[Black "Escofet Llongueras, Joan"]
[Result "1-0"]
[WhiteElo "2176"]
[BlackElo "1889"]
[PlyCount "69"]
[EventDate "2008.12.22"]
[EventType "swiss"]
[EventRounds "9"]
[EventCountry "ESP"]
[Source "lmi"]
[SourceDate "2008.12.22"]

1. e4 e6 2. d4 d5 3. e5 c5 4. c3 Nc6 5. Nf3 cxd4 6. cxd4 Bb4+ 7. Bd2 Bxd2+ 8.
Qxd2 Qb6 9. Be2 Nge7 10. O-O Bd7 11. Nc3 a6 12. Rfd1 Rc8 13. Na4 Qb4 14. Nc5
Qxd2 15. Rxd2 Rc7 16. a3 Nc8 17. b4 N8a7 18. Rb1 Nb8 19. a4 b6 20. b5 axb5 21.
axb5 Ke7 22. Na6 Nxa6 23. bxa6 b5 24. Rdd1 Rb8 25. Rb4 Rb6 26. Ra1 Bc8 27. h4
Bxa6 28. Rb2 Bc8 29. Nd2 Bd7 30. Bd3 h6 31. Nb3 Nc6 32. Rc2 Rc8 33. Rac1 Nb4
34. Rxc8 Nxd3 35. R1c7 1-0

[Event "18. Ciudad de Pamplona - Abierto"]
[Site "Pamplona ESP"]
[Date "2008.12.24"]
[Round "4.13"]
[White "Munoz Arana, Miguel"]
[Black "Otano Villanueva, Joseba"]
[Result "1-0"]
[WhiteElo "2100"]
[BlackElo "1867"]
[PlyCount "63"]
[EventDate "2008.12.22"]
[EventType "swiss"]
[EventRounds "9"]
[EventCountry "ESP"]
[Source "lmi"]
[SourceDate "2008.12.22"]

1. e4 e5 2. Nf3 Nc6 3. Bb5 Bc5 4. c3 d6 5. d4 exd4 6. cxd4 Bb4+ 7. Kf1 Bd7 8.
Qa4 a5 9. a3 Qe7 10. axb4 Qxe4 11. Nc3 Qg6 12. d5 Nb8 13. Bxd7+ Nxd7 14. bxa5
Ngf6 15. Qd1 O-O 16. Nh4 Qg4 17. Qxg4 Nxg4 18. g3 b6 19. b4 bxa5 20. bxa5 Nc5
21. Kg2 Rfb8 22. h3 Ne5 23. Be3 Ncd3 24. Rhb1 Nb4 25. a6 Nc4 26. a7 Nxe3+ 27.
fxe3 Rb6 28. Ra4 Nc2 29. Rxb6 cxb6 30. Kf3 Kf8 31. Nb5 g6 32. Nc7 1-0

[Event "18. Ciudad de Pamplona - Abierto"]
[Site "Pamplona ESP"]
[Date "2008.12.24"]
[Round "4.14"]
[White "Juanco Elizari, Felix"]
[Black "Vinal Gutierrez, Pedro"]
[Result "0-1"]
[WhiteElo "1914"]
[BlackElo "2097"]
[PlyCount "48"]
[EventDate "2008.12.22"]
[EventType "swiss"]
[EventRounds "9"]
[EventCountry "ESP"]
[Source "lmi"]
[SourceDate "2008.12.22"]

1. d4 e6 2. c4 f5 3. Nf3 Nf6 4. g3 Be7 5. Bg2 d5 6. Nc3 c6 7. O-O O-O 8. Ne5
Nbd7 9. Bg5 Nxe5 10. dxe5 Ng4 11. Bxe7 Qxe7 12. e4 dxe4 13. Qd6 Qxd6 14. exd6
b6 15. c5 bxc5 16. Na4 c4 17. Nc5 Ne5 18. Rac1 Rd8 19. Rfd1 Rb8 20. Rd2 Rb5 21.
d7 Rxc5 22. dxc8=Q Rxc8 23. Rc3 Rd5 24. Re2 Rd1+ 0-1

[Event "18. Ciudad de Pamplona - Abierto"]
[Site "Pamplona ESP"]
[Date "2008.12.24"]
[Round "4.15"]
[White "Zamarbide Iñarrea, Daniel"]
[Black "Perez Marchal, Javier"]
[Result "1-0"]
[WhiteElo "2079"]
[BlackElo "1854"]
[PlyCount "35"]
[EventDate "2008.12.22"]
[EventType "swiss"]
[EventRounds "9"]
[EventCountry "ESP"]
[Source "lmi"]
[SourceDate "2008.12.22"]

1. e4 e6 2. Nf3 c5 3. b3 d6 4. Bb2 Nf6 5. Nc3 Nc6 6. d4 cxd4 7. Nxd4 Nxd4 8.
Qxd4 Bd7 9. O-O-O Bc6 10. f3 Be7 11. Nb5 d5 12. exd5 exd5 13. g4 Qa5 14. g5
Bxb5 15. gxf6 Bxf6 16. Qe3+ Kf8 17. Qc5+ Kg8 18. Bxf6 1-0

[Event "18. Ciudad de Pamplona - Abierto"]
[Site "Pamplona ESP"]
[Date "2008.12.26"]
[Round "5.1"]
[White "Huerga Leache, Mikel"]
[Black "Recuero Guerra, David"]
[Result "0-1"]
[WhiteElo "2417"]
[BlackElo "2425"]
[PlyCount "138"]
[EventDate "2008.12.22"]
[EventType "swiss"]
[EventRounds "9"]
[EventCountry "ESP"]
[Source "lmi"]
[SourceDate "2008.12.22"]

1. e4 e5 2. Nf3 Nc6 3. Bb5 Nf6 4. O-O Nxe4 5. d4 Nd6 6. dxe5 Nxb5 7. a4 Nxe5 8.
Nxe5 Nd6 9. Qg4 h5 10. Qe2 Be7 11. Rd1 Nf5 12. Nc3 d6 13. b3 Kf8 14. Bb2 Bf6
15. Ne4 Qe8 16. Nc4 Bxb2 17. Nxb2 Bd7 18. Re1 Qe7 19. Qd2 Bc6 20. Ng3 Qf6 21.
Qf4 Qxb2 22. Qxf5 h4 23. Rab1 Qc3 24. Ne4 Qe5 25. Qxe5 dxe5 26. Nc5 f6 27. b4
b6 28. Ne6+ Kf7 29. Nxc7 Rac8 30. Nb5 Bxb5 31. axb5 Rxc2 32. Ra1 Rc7 33. Rec1
Rxc1+ 34. Rxc1 Rd8 35. f4 exf4 36. Rc7+ Kg6 37. Rxa7 Rd5 38. Rb7 Rxb5 39. Rc7
Kf5 40. Kf2 g5 41. h3 Re5 42. Rc6 Re6 43. Rc2 Re4 44. Rb2 b5 45. Kf3 Rc4 46.
Rb3 Kg6 47. Kf2 f5 48. Rb2 g4 49. Rb3 Kg5 50. Rb2 f3 51. hxg4 fxg4 52. gxf3 Rf4
53. Rc2 Rxf3+ 54. Kg2 Rf5 55. Rc8 Kf4 56. Rd8 h3+ 57. Kh2 Kg5 58. Rg8+ Kh4 59.
Rh8+ Rh5 60. Rg8 Rd5 61. Rh8+ Kg5 62. Rc8 Rd2+ 63. Kh1 g3 64. Rc1 Rb2 65. Rd1
Rxb4 66. Rg1 Kg4 67. Rd1 Rf4 68. Rc1 b4 69. Rb1 Rf1+ 0-1

[Event "18. Ciudad de Pamplona - Abierto"]
[Site "Pamplona ESP"]
[Date "2008.12.26"]
[Round "5.2"]
[White "Mellado Triviño, Juan Manuel"]
[Black "Arribas Lopez, Angel"]
[Result "0-1"]
[WhiteElo "2434"]
[BlackElo "2334"]
[PlyCount "90"]
[EventDate "2008.12.22"]
[EventType "swiss"]
[EventRounds "9"]
[EventCountry "ESP"]
[Source "lmi"]
[SourceDate "2008.12.22"]

1. e4 c5 2. c3 g6 3. d4 cxd4 4. cxd4 d5 5. exd5 Nf6 6. Bb5+ Nbd7 7. Nc3 Bg7 8.
d6 exd6 9. Qe2+ Qe7 10. Bf4 Qxe2+ 11. Bxe2 Ke7 12. Bf3 Nb6 13. Nge2 h6 14. h4
Be6 15. Bxb7 Rab8 16. Bf3 g5 17. Be3 g4 18. Bc6 Rhc8 19. Bb5 Nbd5 20. a4 Nb4
21. Rd1 a6 22. Bd3 Nxd3+ 23. Rxd3 Rxb2 24. d5 Bf5 25. Rd2 Rxd2 26. Kxd2 Ne4+
27. Nxe4 Bxe4 28. Nd4 Rc4 29. f3 Bh7 30. Rc1 Rxd4+ 31. Bxd4 Bxd4 32. Rc4 Bc5
33. Rxg4 Bb1 34. Rg8 Kf6 35. Rh8 Kg7 36. Ra8 Bb4+ 37. Ke3 a5 38. g4 Bc2 39. f4
Bxa4 40. h5 Bb3 41. g5 Bxd5 42. Rc8 Be6 43. Rc7 a4 44. Ke4 hxg5 45. fxg5 a3 0-1

[Event "18. Ciudad de Pamplona - Abierto"]
[Site "Pamplona ESP"]
[Date "2008.12.26"]
[Round "5.3"]
[White "Anguas Fanlo, Sergio"]
[Black "Lariño Nieto, David"]
[Result "0-1"]
[WhiteElo "2045"]
[BlackElo "2469"]
[PlyCount "52"]
[EventDate "2008.12.22"]
[EventType "swiss"]
[EventRounds "9"]
[EventCountry "ESP"]
[Source "lmi"]
[SourceDate "2008.12.22"]

1. Nf3 Nf6 2. d4 g6 3. c3 Bg7 4. Bf4 d6 5. e3 Nbd7 6. Nbd2 O-O 7. Be2 Re8 8. h4
e5 9. dxe5 dxe5 10. Bg5 e4 11. Nh2 h6 12. Bxf6 Qxf6 13. Qa4 Qe7 14. O-O-O Nc5
15. Qc2 Rb8 16. h5 g5 17. Nb3 Nxb3+ 18. Qxb3 b5 19. Bg4 a5 20. Bxc8 Rexc8 21.
Nf1 a4 22. Qc2 b4 23. Qxa4 bxc3 24. bxc3 Qc5 25. Qxe4 Qxc3+ 26. Qc2 Rb1+ 0-1

[Event "18. Ciudad de Pamplona - Abierto"]
[Site "Pamplona ESP"]
[Date "2008.12.26"]
[Round "5.4"]
[White "Vega Gutierrez, Belinda"]
[Black "Navarro Cia, Miguel"]
[Result "1/2-1/2"]
[WhiteElo "2226"]
[BlackElo "2318"]
[PlyCount "38"]
[EventDate "2008.12.22"]
[EventType "swiss"]
[EventRounds "9"]
[EventCountry "ESP"]
[Source "lmi"]
[SourceDate "2008.12.22"]

1. e4 e6 2. d4 d5 3. Nc3 Bb4 4. exd5 exd5 5. Bd3 Nc6 6. a3 Bxc3+ 7. bxc3 Nce7
8. Nf3 Nf6 9. O-O O-O 10. Re1 Bg4 11. Bg5 Qd6 12. h3 Bh5 13. Re5 Bg6 14. Nh2
Rfe8 15. Bxf6 Qxf6 16. Qe2 Bxd3 17. cxd3 Kf8 18. Re1 Qd6 19. Nf3 f6 1/2-1/2

[Event "18. Ciudad de Pamplona - Abierto"]
[Site "Pamplona ESP"]
[Date "2008.12.26"]
[Round "5.5"]
[White "Reinaldo Castineira, Roi"]
[Black "Burguete Archel, Eduardo"]
[Result "1-0"]
[WhiteElo "2516"]
[BlackElo "2176"]
[PlyCount "65"]
[EventDate "2008.12.22"]
[EventType "swiss"]
[EventRounds "9"]
[EventCountry "ESP"]
[Source "lmi"]
[SourceDate "2008.12.22"]

1. e4 e5 2. Nf3 Nc6 3. Bc4 Nf6 4. d3 Be7 5. O-O O-O 6. Re1 d6 7. a4 h6 8. a5 a6
9. c3 Nh7 10. d4 Bg4 11. d5 Nb8 12. Bd3 Ng5 13. Nbd2 Nd7 14. b4 Nf6 15. Re3
Nfh7 16. Qf1 f5 17. exf5 Nxf3+ 18. Nxf3 Bxf5 19. Bxf5 Rxf5 20. b5 Ng5 21. Nh4
Nh3+ 22. Rxh3 Bxh4 23. Be3 Qf6 24. bxa6 bxa6 25. Qe2 e4 26. Bd4 Bxf2+ 27. Bxf2
Rf8 28. Bd4 Qf7 29. Rg3 g6 30. h3 Kh7 31. c4 c6 32. dxc6 d5 33. Rb1 1-0

[Event "18. Ciudad de Pamplona - Abierto"]
[Site "Pamplona ESP"]
[Date "2008.12.26"]
[Round "5.6"]
[White "Munoz Arana, Miguel"]
[Black "Djingarova, Emilia"]
[Result "0-1"]
[WhiteElo "2100"]
[BlackElo "2352"]
[PlyCount "108"]
[EventDate "2008.12.22"]
[EventType "swiss"]
[EventRounds "9"]
[EventCountry "ESP"]
[Source "lmi"]
[SourceDate "2008.12.22"]

1. e4 c5 2. Nf3 e6 3. d3 Nc6 4. g3 g6 5. Bg2 Bg7 6. h4 h6 7. O-O Nge7 8. c3 e5
9. a3 d6 10. b4 a6 11. Bb2 O-O 12. Nbd2 Bg4 13. Re1 Rc8 14. Nf1 cxb4 15. cxb4
Nd4 16. Ne3 Be6 17. Nxd4 exd4 18. Nd5 Nxd5 19. exd5 Bf5 20. Qd2 Qd7 21. Rac1
Qb5 22. Be4 Bh3 23. Kh2 Bf5 24. Bxf5 gxf5 25. Qe2 Qxd5 26. Rxc8 Rxc8 27. Rc1
Rf8 28. Rc7 f4 29. gxf4 Bf6 30. Bc1 Kh8 31. Qg4 Rg8 32. Rc8 Bd8 33. Qh3 Kh7 34.
Bb2 Re8 35. Qg2 Qf5 36. Rc4 d5 37. Rxd4 Bf6 38. Qxd5 Qxd5 39. Rxd5 Bxb2 40. Rd7
b5 41. Rxf7+ Kg6 42. Rd7 Re6 43. Kg3 h5 44. Rd5 Rf6 45. Kf3 Bxa3 46. Ke4 Bxb4
47. f5+ Kg7 48. Ke5 Rf7 49. Kd4 Be7 50. f6+ Bxf6+ 51. Kc5 Bxh4 52. Rxh5 Bxf2+
53. d4 Rd7 54. Kb6 Rd6+ 0-1

[Event "18. Ciudad de Pamplona - Abierto"]
[Site "Pamplona ESP"]
[Date "2008.12.26"]
[Round "5.7"]
[White "Rudolf, Anna"]
[Black "Zamarbide Iñarrea, Daniel"]
[Result "1-0"]
[WhiteElo "2318"]
[BlackElo "2079"]
[PlyCount "73"]
[EventDate "2008.12.22"]
[EventType "swiss"]
[EventRounds "9"]
[EventCountry "ESP"]
[Source "lmi"]
[SourceDate "2008.12.22"]

1. e4 c5 2. Nf3 e6 3. d4 cxd4 4. Nxd4 Nf6 5. Nc3 Bb4 6. e5 Nd5 7. Bd2 Nxc3 8.
bxc3 Be7 9. Qg4 g6 10. Bd3 Nc6 11. Qe4 f5 12. Qe2 b6 13. Nb5 Bb7 14. h4 h6 15.
Bf4 Kf7 16. Rh3 a6 17. Nd6+ Bxd6 18. exd6 Qf6 19. Bc4 Kg7 20. O-O-O b5 21. Bb3
b4 22. Ba4 Kf7 23. Bxc6 Bxc6 24. Be5 Qd8 25. cxb4 Bxg2 26. Rg3 Bc6 27. Rxg6
Qxh4 28. Rg7+ Kf8 29. Rdg1 Rb8 30. R7g6 Kf7 31. Rg7+ Kf8 32. a3 Rd8 33. Qe3 Be4
34. f3 Bd5 35. R7g6 Kf7 36. Bxh8 Rxh8 37. Qe5 1-0

[Event "18. Ciudad de Pamplona - Abierto"]
[Site "Pamplona ESP"]
[Date "2008.12.26"]
[Round "5.9"]
[White "Vinal Gutierrez, Pedro"]
[Black "Garcia Paolicchi, Raul"]
[Result "1/2-1/2"]
[WhiteElo "2097"]
[BlackElo "2257"]
[PlyCount "56"]
[EventDate "2008.12.22"]
[EventType "swiss"]
[EventRounds "9"]
[EventCountry "ESP"]
[Source "lmi"]
[SourceDate "2008.12.22"]

1. e4 c5 2. Nc3 e6 3. f4 a6 4. a4 b6 5. Nf3 Bb7 6. d3 d6 7. g3 Nf6 8. Bg2 Qc7
9. O-O Nc6 10. f5 exf5 11. Bg5 Be7 12. Bxf6 Bxf6 13. Nd5 Qd8 14. exf5 O-O 15.
Nd2 Bd4+ 16. Kh1 Ne7 17. Nxe7+ Qxe7 18. c3 Bxg2+ 19. Kxg2 Qb7+ 20. Qf3 Qxf3+
21. Rxf3 Be5 22. Nc4 Rab8 23. Nxe5 dxe5 24. Re3 f6 25. Kf3 Rfd8 26. Ke4 Rd6 27.
h4 g6 28. g4 Kf7 1/2-1/2

[Event "18. Ciudad de Pamplona - Abierto"]
[Site "Pamplona ESP"]
[Date "2008.12.26"]
[Round "5.11"]
[White "Minaya Molano, Juan"]
[Black "Argaya Urdaniz, Miguel"]
[Result "1-0"]
[WhiteElo "2196"]
[BlackElo "2028"]
[PlyCount "57"]
[EventDate "2008.12.22"]
[EventType "swiss"]
[EventRounds "9"]
[EventCountry "ESP"]
[Source "lmi"]
[SourceDate "2008.12.22"]

1. Nf3 Nf6 2. c4 g6 3. Nc3 d5 4. cxd5 Nxd5 5. Qa4+ c6 6. Nxd5 Qxd5 7. e4 Qd6 8.
d4 Bg7 9. Be3 O-O 10. Be2 Nd7 11. O-O Nb6 12. Qc2 Bg4 13. Rfd1 Rad8 14. a4 Qb4
15. a5 Bxf3 16. gxf3 Nc8 17. e5 e6 18. a6 Qe7 19. Rdc1 Qc7 20. axb7 Qxb7 21.
Qxc6 Qxb2 22. Qa6 Qb6 23. Qxb6 axb6 24. Rc7 b5 25. Rb7 Rfe8 26. Ra8 Bf8 27.
Bxb5 Re7 28. Rbb8 Rc7 29. Ba6 1-0

[Event "18. Ciudad de Pamplona - Abierto"]
[Site "Pamplona ESP"]
[Date "2008.12.26"]
[Round "5.12"]
[White "Eguia Cambero, Ignacio J"]
[Black "Lakunza Oyarbide, Juan Carlos"]
[Result "0-1"]
[WhiteElo "1938"]
[BlackElo "2122"]
[PlyCount "126"]
[EventDate "2008.12.22"]
[EventType "swiss"]
[EventRounds "9"]
[EventCountry "ESP"]
[Source "lmi"]
[SourceDate "2008.12.22"]

1. e4 e5 2. Nc3 Nf6 3. f4 exf4 4. e5 Ng8 5. Nf3 d6 6. Bc4 Nc6 7. Qe2 dxe5 8.
Nxe5 Nxe5 9. Qxe5+ Qe7 10. Qxe7+ Bxe7 11. O-O g5 12. Nd5 Bd6 13. b3 h5 14. Bb2
Rh6 15. h4 Be6 16. hxg5 Rg6 17. Nf6+ Nxf6 18. Bxf6 Kd7 19. Bxe6+ fxe6 20. d4
Rf8 21. Rad1 c6 22. Rd3 Be7 23. Rxf4 Bxf6 24. gxf6 Rgxf6 25. Rxf6 Rxf6 26. Rg3
Ke7 27. Rg7+ Rf7 28. Rg5 Rh7 29. Kf2 Kf6 30. Re5 h4 31. Re3 Rh5 32. Rf3+ Rf5
33. Rxf5+ Kxf5 34. Kf3 b5 35. b4 a6 36. c3 Kg5 37. Ke3 Kg4 38. Ke2 Kg3 39. Kf1
Kf4 40. Kf2 e5 41. dxe5 Kxe5 42. Ke3 Kf5 43. Kf3 Kg5 44. Ke3 Kg4 45. Ke2 Kg3
46. Kf1 Kf4 47. Kf2 Ke4 48. Ke2 Kd5 49. Kd3 c5 50. a3 c4+ 51. Ke3 Ke5 52. Kf3
Kf5 53. Ke3 Kg5 54. Kf3 Kf5 55. Ke3 Kg4 56. Ke2 Kg3 57. Kf1 h3 58. gxh3 Kxh3
59. Kf2 Kh2 60. Ke3 Kg3 61. Kd4 Kf4 62. a4 bxa4 63. Kxc4 Ke4 0-1